000
00300 a2200145 4500
001
194375
020
_a
978-85-64443-26-6
040
_c
Magnum
240
1
0
_a
O barulho das asas
_l
por
245
1
0
_a
O barulho das asas
300
_a
80
362
0
_a
2018
697
_a
LITERATURA GERAL
942
_c
BK
999
_c
194375
_d
194375